[Event "20th Dubai Open 2018"]
[Site "Dubai"]
[Date "2018.04.03"]
[Round "2"]
[White "Arjun Kalyan"]
[Black "Ganguly, Surya Shekhar"]
[Result "0-1"]
[WhiteElo "2397"]
[BlackElo "2642"]
[Annotator "TA"]
[PlyCount "60"]
[EventDate "2018.??.??"]
[EventType "swiss"]
[EventCountry "UAE"]
[SourceTitle "playchess.com"]
[Source "ChessBase"]
[SourceQuality "1"]

{[%evp 12,60,25,18,31,0,0,0,0,0,0,0,0,0,0,-8,0,-13,-10,-21,-5,-8,-11,-29,-22,-35,0,0,5,-23,-5,-13,-17,-43,-46,-81,-57,-135,-128,-117,-36,-854,-833,-1100,-1089,-1072,-1079,-1073,-1036,-1047,-1044]} 1. e4 e5 2. Nf3 Nc6 3. Bb5 Nf6 4. O-O Nxe4 5. Re1 Nd6 6. Nxe5 Be7 7. Bf1 Nf5 {C67: Ruy Lopez: Berlin Defence: 4 0-0 Nxe4} (7... Nxe5 8. Rxe5 O-O 9. d4 Bf6 10. Re1 Re8 11. Bf4 Rxe1 12. Qxe1 Ne8 13. c3 d5 14. Bd3 g6 15. Qe2 c6 16. Nd2 Ng7 17. Re1 Bf5 18. Bxf5 Nxf5 {½-½ (34) So,W (2799)-Grischuk,A (2767) Berlin 2018}) 8. c3 (8. Nf3 {with more complications.} O-O 9. d4 d5 10. c3 Bd6 11. Bd3) 8... Nxe5 9. Rxe5 d6 {The position is equal.} 10. Re1 c5 11. d3 O-O 12. Nd2 $146 ({Predecessor:} 12. Bf4 d5 13. h3 Nh4 14. Nd2 Ng6 15. Bg3 {0-1 (49) Vogt,L (2404)-Buhmann,R (2579) Switzerland 2013}) 12... Be6 13. Nf3 Bf6 14. g3 h6 15. Bg2 Qb6 16. Nd2 d5 17. Nf1 Rfe8 18. Qb3 g5 19. Bd2 Qd6 20. Re2 Re7 21. Rae1 Rae8 22. Qc2 b5 $36 {[%mdl 2048] White is under pressure.} 23. h3 d4 24. Nh2 {[#]} (24. g4 $15 dxc3 25. Bxc3) 24... c4 $1 $17 {And now ...dxc3 would win.} ({Of course not} 24... Bxa2 $6 25. Rxe7 Rxe7 26. Rxe7 $15) 25. Be4 Bd5 ({Better is} 25... Bd7 $17 {Hoping for ...Nxg3!} 26. Nf1 a6) 26. Bc1 $2 {[%mdl 8192] [#]} (26. Ng4 $15) 26... Nxg3 $1 $19 {[%mdl 512] Black is clearly winning.} 27. fxg3 Qxg3+ 28. Kf1 Qxh3+ 29. Kg1 Qg3+ 30. Kf1 Be6 {Precision: White = 25%, Black = 66%.} 0-1

[Event "20th Dubai Open 2018"]
[Site "Dubai"]
[Date "2018.04.03"]
[Round "2"]
[White "Tissir, Mohamed"]
[Black "Sethuraman, S P"]
[Result "0-1"]
[WhiteElo "2381"]
[BlackElo "2631"]
[Annotator "TA"]
[PlyCount "90"]
[EventDate "2018.??.??"]
[EventType "swiss"]
[EventCountry "UAE"]
[SourceTitle "playchess.com"]
[Source "ChessBase"]
[SourceQuality "1"]

{[%evp 16,90,20,8,28,10,22,0,12,-6,-3,-10,-6,-59,-56,-59,-50,-56,-54,-37,-48,-37,-47,-50,-46,-46,-39,-59,-31,-39,-20,-47,-47,-56,-50,-64,-31,-135,-137,-124,-122,-125,-130,-126,-119,-121,-110,-110,-111,-88,-84,-97,-112,-166,-172,-158,-138,-318,-213,-211,-217,-218,-187,-176,-191,-181,-186,-536,-520,-646,-637,-2785,-2420,-5569,-5525,-5173,-1220]} 1. e4 c5 2. Nf3 e6 3. d4 cxd4 4. Nxd4 Nc6 5. Nc3 Qc7 6. Nb3 a6 7. Bd3 b5 8. O-O Nf6 9. f4 d6 {B43: Sicilian: Kan Variation: 5 Nc3} 10. Qf3 Bb7 11. Bd2 g6 $146 {The position is equal.} ({Predecessor:} 11... Be7 12. Rae1 b4 13. Nd1 O-O 14. Qh3 g6 15. Nf2 a5 16. Be3 a4 17. Nd4 Nxd4 18. Bxd4 {1-0 (49) Tissir,M (2381)-Potkin,V (2574) Riadh 2017}) 12. Rae1 Bg7 13. Qh3 O-O 14. f5 (14. a3 $11) 14... Rae8 $15 15. Qh4 Ne5 16. Bg5 Ned7 17. a3 exf5 18. exf5 Qc6 {[%csl Gb7][%cal Rc6g2] [#]} 19. Qh3 Rxe1 20. Rxe1 Ne5 $36 {[%mdl 2048] Black fights for an advantage.} 21. Be3 Nxd3 22. cxd3 Qd7 (22... Re8 {looks sharper.} 23. Na5 Qc7 24. Nxb7 Qxb7 25. fxg6 hxg6 26. Bf2 b4) 23. Nd4 Re8 24. Qh4 Re5 25. h3 a5 {[%cal Ba6a5,Ba5b4][%mdl 32]} 26. Bf4 (26. b4 $15) 26... Rxe1+ $17 27. Qxe1 Nd5 28. Be3 Nxe3 ({Much worse is} 28... gxf5 $6 29. Nxd5 Bxd5 30. Qxa5 $11) 29. Qxe3 b4 ({Reject} 29... gxf5 $6 30. Ncxb5 Ba6 31. a4 $14) 30. axb4 axb4 31. Nce2 Be5 32. b3 Bd5 33. fxg6 hxg6 34. Nf3 (34. Kf2 $17) 34... Bg7 ({And not} 34... Bxb3 35. d4 $16) 35. Nd2 Qc6 36. Nf4 $2 {[#]} (36. g3 $17) 36... Bh6 37. g3 Qc1+ 38. Kf2 Qc2 39. Qe8+ Kg7 40. Nxd5 Bxd2 41. Qe4 $2 (41. Qe2 {nothing else works.}) 41... Bc3+ $1 $19 {Black is clearly winning.} 42. Kf3 Qxb3 43. Nc7 Qd1+ 44. Kg2 Qd2+ 45. Kf3 Be5 {Precision: White = 25%, Black = 84%.} (45... b3 $142 46. Ne8+ Kg8 47. Nxd6 Qd1+ 48. Kf2 Qc2+ 49. Ke3 Qc1+ 50. Kf2 b2 51. Qe8+ Kh7 52. Qxf7+ Bg7) 0-1

[Event "20th Dubai Open 2018"]
[Site "Dubai"]
[Date "2018.04.03"]
[Round "2"]
[White "Muthaiah AL"]
[Black "Yilmaz, Mustafa"]
[Result "0-1"]
[WhiteElo "2372"]
[BlackElo "2626"]
[Annotator "TA"]
[PlyCount "78"]
[EventDate "2018.??.??"]
[EventType "swiss"]
[EventCountry "UAE"]
[SourceTitle "playchess.com"]
[Source "ChessBase"]
[SourceQuality "1"]

{[%evp 23,78,31,42,21,25,28,42,0,5,7,0,0,0,0,8,0,0,0,7,-25,-35,-37,-28,-27,0,-13,0,0,0,-95,-98,-129,-123,-135,-128,-125,-69,-204,-135,-522,-520,-512,-509,-505,-505,-491,-500,-504,-514,-536,-532,-567,-556,-611,-611,-1329,-1249]} 1. d4 Nf6 2. c4 e6 3. Nf3 c5 4. d5 d6 5. Nc3 exd5 6. cxd5 g6 7. e4 Bg7 8. Bf4 O-O 9. Be2 Bg4 {A72: Modern Benoni: Classical: Lines with Bg5} 10. h3 Bxf3 11. Bxf3 Ne8 12. O-O Nd7 {LiveBook: 4 Games} 13. Qc2 a6 14. a4 Rb8 {[%cal Ba8b8,Bb8b6,Bb6b4][%mdl 32]} 15. a5 Qe7 16. Be2 Nc7 17. Bg3 b5 18. axb6 Rxb6 19. f4 Rfb8 $146 ({Predecessor:} 19... f5 20. exf5 gxf5 21. Bf3 Qf6 {0-1 (38) Meduna,E (2505)-Kovacevic,S Bad Woerishofen 1988}) 20. Ra2 Rb4 21. Bf3 Nb5 22. Nxb5 R8xb5 23. Rb1 c4 24. Be1 Nc5 25. Bxb4 Rxb4 26. Rd1 (26. Kh2 $11) 26... Qh4 $1 $17 27. e5 Qxf4 28. exd6 Qxd6 29. Be2 Bf8 (29... Qe5 $17 30. Bf1 (30. Bxc4 Qe3+ 31. Qf2 Qxf2+ 32. Kxf2 Rxc4 $17) 30... Ne4 31. Rxa6 (31. Bxc4 $2 Bf8 $19) 31... Bf8) 30. Kh1 ({White should play} 30. Bxc4 $15 Qf4 31. Qc1) 30... Qe5 31. Qc3 $2 {[%mdl 8192]} ({Avoid the trap} 31. Bxc4 $2 Bd6 $19) (31. d6 $17 {was the crucial defense.} Bxd6 32. Rxd6 $1 {[%mdl 512]} Qxd6 33. Bxc4) 31... Qxe2 $19 {Black is clearly winning.} 32. Re1 {[#]} Qf2 $1 {Hoping for ...Rb3.} 33. Qe3 Qxe3 34. Rxe3 f5 35. Re8 Kf7 36. Rd8 Be7 37. Rh8 h5 38. Rh7+ Kf6 39. Ra5 Bd6 {Precision: White = 29%, Black = 85%.} 0-1

[Event "20th Dubai Open 2018"]
[Site "Dubai"]
[Date "2018.04.03"]
[Round "2"]
[White "Charkhalashvili, Inga"]
[Black "Oleksiyenko, Mykhaylo"]
[Result "1/2-1/2"]
[WhiteElo "2348"]
[BlackElo "2621"]
[Annotator "TA"]
[PlyCount "59"]
[EventDate "2018.??.??"]
[EventType "swiss"]
[EventCountry "UAE"]
[SourceTitle "playchess.com"]
[Source "ChessBase"]
[SourceQuality "1"]

{[%evp 15,59,-26,-7,-16,-14,-7,-9,-20,-17,-15,-14,-18,-21,-17,-11,-43,-18,-22,-6,-3,-1,-1,-2,-2,-2,-2,-2,-3,-4,-6,-6,-6,-6,-6,-4,-27,-26,-26,-33,-28,0,0,0,0,0,0]} 1. d4 d6 2. c4 e5 3. dxe5 dxe5 4. Qxd8+ Kxd8 5. Nf3 f6 6. Nc3 Be6 7. e4 Nd7 8. Be3 {A41: 1 d4 d6: Tartakower System and Modern Defence} c6 {LiveBook: 6 Games} 9. a3 (9. Be2 Ne7 10. O-O-O Nc8 11. Na4 Kc7 12. Nd2 Ncb6 13. Nxb6 axb6 14. a3 Bc5 15. Kc2 Rhd8 16. Nb1 {0-1 (44) Crisan,A (2635)-Macieja,B (2588) Portoroz 2001}) 9... Bc5 10. Bxc5 Nxc5 11. O-O-O+ Kc7 12. b4 Nd7 13. Kb2 $146 ({Predecessor:} 13. Be2 Nh6 14. h3 a5 15. Kb2 axb4 16. axb4 {0-1 (58) Pliev,V (2011)-Bader,G (2011) Bayerisch Eisenstein 2014}) 13... Nh6 14. Be2 a5 15. c5 axb4 16. axb4 b6 17. Rd6 Rhe8 18. b5 $1 $132 {[%mdl 2048] White is not keeping still} Nxc5 19. Rxc6+ Kb7 {...Red8 is the strong threat.} 20. Nd2 $1 {[%cal Rd2c4]} Rec8 21. Rxc8 Rxc8 22. Rd1 Rd8 23. Nb3 $1 {[%cal Rb3c5]} Rxd1 24. Nxc5+ bxc5 25. Bxd1 $11 {KBN-KBN} Kb6 26. Be2 Ka5 27. Ka3 $1 c4 28. b6 {The position is equal.} Kxb6 29. Kb4 Kc6 30. f3 {Precision: White = 71%, Black = 62%.} 1/2-1/2

[Event "20th Dubai Open 2018"]
[Site "Dubai"]
[Date "2018.04.03"]
[Round "2"]
[White "Kulkarni Bhakti"]
[Black "Tabatabaei, M amin"]
[Result "0-1"]
[WhiteElo "2317"]
[BlackElo "2605"]
[Annotator "TA"]
[PlyCount "76"]
[EventDate "2018.??.??"]
[EventType "swiss"]
[EventCountry "UAE"]
[SourceTitle "playchess.com"]
[Source "ChessBase"]
[SourceQuality "1"]

{[%evp 20,76,-18,0,6,-8,56,29,48,0,0,-30,-53,-101,-70,-119,-79,-81,-87,-85,-84,-106,-80,-93,-38,-54,-41,-59,-59,-52,-34,-32,-25,-59,-49,-54,-37,-56,-51,-55,-58,-57,-50,-33,-28,-117,-81,-73,-79,-403,-400,-387,-372,-417,-361,-508,-485,-485,-481]} 1. d4 e6 2. Nf3 Nf6 3. c4 d5 4. Nc3 c6 5. e3 Nbd7 6. Bd3 dxc4 7. Bxc4 b5 8. Bd3 Bb7 9. O-O a6 10. Qe2 c5 11. Rd1 {LiveBook: 164 Games} Rc8 {D48: Semi-Slav: Meran System: 7...b5 8 Bd3 a6} (11... Qb8 12. h3 Be7 13. b3 O-O 14. Bb2 cxd4 15. Nxd4 Ne5 16. Bc2 Bc5 17. Rac1 Rd8 18. Bb1 Bxd4 19. Rxd4 Rxd4 20. exd4 {0-1 (40) Ikonnikov,V (2550)-Van Wely,L (2689) Spijkenisse 2011}) 12. e4 c4 ({Black should try} 12... cxd4 $11 13. Nxd4 Qc7) 13. Bc2 $14 b4 $146 {White has an edge.} ({Predecessor:} 13... Bb4 14. a4 Bxc3 15. bxc3 O-O 16. axb5 axb5 17. e5 Bxf3 18. Qxf3 Nd5 19. Ba3 {0-1 (32) Balague Canadell,J (2063)-Puig Carres,J (1838) Figueres 2011}) 14. Nb1 Be7 15. d5 exd5 16. exd5 Bxd5 17. Re1 Nc5 18. Nd4 {[#]} Nd3 $1 {[%mdl 512]} 19. Bxd3 cxd3 20. Qxd3 {[#]} Be4 $1 {[%mdl 512]} 21. Qe3 {[#]} (21. Rxe4 Rxc1+) 21... Rc4 (21... Bc5 $1 $17 {[%cal Rc5d4]} 22. Nd2 Bxd4) 22. Nb3 $15 {Threatens to win with N1d2.} Ba8 {aiming for ...Re4.} 23. N1d2 Rg4 {[%cal Bc4g4,Bg4g6,Bg6c6,Bc6c7][%mdl 32]} 24. f3 Rg6 25. Nc4 Nd5 26. Qf2 O-O 27. Bd2 Rc6 28. Rac1 Bh4 29. g3 Bf6 30. Nd4 Rc7 31. Nf5 Qd7 32. Nfd6 (32. g4 $11) 32... Be7 {[%cal Bf6e7,Be7c5,Bc5e3][%mdl 32]} 33. Ne4 f5 $36 {[%mdl 2048] Black is in control.} 34. Ng5 $2 {[%mdl 8192]} (34. Ne5 $17 {was the crucial defense.} Qb5 35. Ng5) 34... Bc5 $19 35. Ne3 h6 36. Nh3 {If White can now play Rxc5 this consolidates a bit.} Re8 37. Kg2 (37. Rxc5 $142 Rxc5 38. Ng2) 37... Nxe3+ 38. Bxe3 Bxe3 {Precision: White = 45%, Black = 69%.} 0-1

[Event "20th Dubai Open 2018"]
[Site "Dubai"]
[Date "2018.04.03"]
[Round "2"]
[White "Risting, Eivind Olav"]
[Black "Volkov, Sergey"]
[Result "0-1"]
[WhiteElo "2303"]
[BlackElo "2598"]
[Annotator "TA"]
[PlyCount "88"]
[EventDate "2018.??.??"]
[EventType "swiss"]
[EventCountry "UAE"]
[SourceTitle "playchess.com"]
[Source "ChessBase"]
[SourceQuality "1"]

{[%evp 19,88,19,39,6,22,17,4,0,0,0,0,0,21,24,29,33,27,18,60,53,220,37,68,14,59,56,51,47,52,0,8,0,84,80,72,68,86,-6,-6,-6,-6,-9,-5,-15,-17,-114,-122,-116,-117,-109,-105,-279,-273,-273,-273,-273,-273,-287,-243,-276,-239,-411,-404,-383,-372,-902,-881,-1431,-1091,-2437,-2369]} 1. d4 d5 2. c4 c6 3. Nc3 dxc4 4. e3 b5 5. a4 b4 6. Ne4 {D10: Slav Defence: 3 cxd5 (without early Nf3) and 3 Nc3} Qd5 7. Ng3 Nf6 8. Be2 e6 (8... Nbd7 9. Nf3 Ba6 10. O-O e6 11. b3 Qa5 12. bxc4 c5 13. Bb2 Rd8 {1-0 (41) Mamedyarov,S (2772)-Holt,C (2555) chess.com INT 2017}) 9. e4 Qa5 10. Bxc4 Ba6 {LiveBook: 6 Games} 11. Qe2 Bxc4 $146 ({Predecessor:} 11... Be7 12. Nf3 O-O 13. Bg5 c5 14. dxc5 Bxc4 15. Qxc4 {½-½ (21) Schenk,A (2499)-Geske,J (2383) Austria 2012}) 12. Qxc4 Qa6 13. Qxa6 Nxa6 {[%cal Bb8a6,Ba6c5,Bc5b3][%mdl 32]} 14. Nf3 c5 15. Ke2 Be7 16. Rd1 $36 {[%mdl 2048] White has some pressure.} cxd4 17. Nxd4 Nc5 18. f3 Rc8 19. Be3 O-O $2 {[#]} ({Better is} 19... Nfd7 $14) 20. Rac1 $2 (20. Ngf5 $1 $18 {[%mdl 512]} Rfe8 (20... exf5 21. Nxf5) 21. Nxe7+ Rxe7 22. Rac1) 20... g6 21. Nb5 (21. Rc4 $14) 21... Nb3 22. Rxc8 $1 Rxc8 23. Nxa7 Rc2+ 24. Kf1 h5 25. Ne2 h4 (25... Rxb2 $11 {remains equal.} 26. Nc6 Bc5) 26. Nd4 $16 Rxb2 27. Nxb3 Rxb3 28. Nc6 (28. Ke2 $1 $16) 28... Rxe3 $11 29. Nxe7+ {[%mdl 4096] Endgame KRN-KRN} Kg7 {...Rc3 is the strong threat.} 30. Nc6 b3 {[%cal Bb4b3,Bb3b2][%mdl 32]} 31. Nd4 e5 32. Ne2 (32. Nb5 $1 $11 {was the only way to keep the balance.}) 32... b2 $17 {Strongly threatening ...Rb3.} 33. Rb1 Rb3 34. a5 {[#]} Nd7 $1 35. a6 $2 {[#]} (35. Ng1 $17 {keeps fighting.}) 35... Nc5 $1 $19 36. a7 Ra3 37. Ke1 Rxa7 {Hoping for ...h3!} 38. Kd2 Na4 39. Kc2 Rd7 40. Re1 $2 (40. Ng1) 40... f5 41. exf5 gxf5 42. Kb3 $2 (42. g3 Kf6 43. Rh1) 42... Rd2 {Black is clearly winning.} 43. Kxa4 {[#]} Rxe2 $1 {[%mdl 512]} 44. Rg1 (44. Rxe2 b1=Q) 44... Rc2 {Precision: White = 38%, Black = 63%.} 0-1

[Event "20th Dubai Open 2018"]
[Site "Dubai"]
[Date "2018.04.03"]
[Round "2"]
[White "Moksh Amit Doshi"]
[Black "Krysa, Leandro"]
[Result "1/2-1/2"]
[WhiteElo "2297"]
[BlackElo "2543"]
[Annotator "TA"]
[PlyCount "60"]
[EventDate "2018.??.??"]
[EventType "swiss"]
[EventCountry "UAE"]
[SourceTitle "playchess.com"]
[Source "ChessBase"]
[SourceQuality "1"]

{[%evp 30,60,29,29,29,38,38,33,26,27,27,15,0,0,0,0,25,7,5,8,97,106,83,93,90,44,56,44,46,47,52,58,55]} 1. e4 e5 2. Nf3 Nc6 3. Bb5 {[%cal Bf1b5,Bb5a4,Ba4b3][%mdl 32]} a6 4. Ba4 Nf6 5. O-O Be7 6. Re1 b5 7. Bb3 d6 8. c3 O-O 9. h3 Bb7 10. d4 Nd7 11. Nbd2 exd4 {C92: Closed Ruy Lopez: 9...Be6, Karpov and Flohr-Zaitsev Variations} 12. cxd4 Bf6 13. Nf1 Na5 14. Bc2 Re8 15. Rb1 c5 16. d5 {LiveBook: 49 Games} Nc4 17. b3 Nce5 18. N3h2 {[#]} Ng6 $146 ({Predecessor:} 18... Bc8 19. Ng3 {1-0 (36) Vitiugov,N (2732)-Gledura,B (2612) Caleta 2018}) 19. Ng3 Bc8 20. Bd2 Bg5 21. Qc1 Bxd2 22. Qxd2 b4 23. f4 a5 24. Nf3 Nh4 {[#]} (24... a4 $11) 25. Nxh4 $1 $16 Qxh4 26. Nf5 $36 {[%cal Bg3f5,Bf5h6,Bh6g4][%mdl 2080] Keeping Black busy.} Qf6 27. Qf2 g6 {White is slightly better.} 28. Nh6+ Kg7 29. Ng4 Qd4 $1 30. Qxd4+ cxd4 {Precision: White = 68%, Black = 78%.} 1/2-1/2

[Event "20th Dubai Open 2018"]
[Site "Dubai"]
[Date "2018.04.03"]
[Round "2"]
[White "Kozelov, Roman"]
[Black "Ghaem Maghami, Ehsan"]
[Result "0-1"]
[WhiteElo "2267"]
[BlackElo "2523"]
[Annotator "TA"]
[PlyCount "110"]
[EventDate "2018.??.??"]
[EventType "swiss"]
[EventCountry "UAE"]
[SourceTitle "playchess.com"]
[Source "ChessBase"]
[SourceQuality "1"]

{[%evp 15,110,3,8,0,0,0,0,0,0,0,0,-18,-16,-35,-35,-41,-38,-47,-40,-58,-59,-67,-59,-70,-57,-64,-56,-62,-70,-74,-68,-112,-57,-112,-106,-177,-89,-93,-93,-93,-93,-95,-93,-77,-82,-94,-83,-113,-106,-130,-129,-157,-174,-155,-146,-379,-387,-364,-380,-365,-112,-441,-379,-379,-379,-371,-358,-421,-373,-424,-382,-457,-458,-331,-299,-29974,-29966,-29975,-29956,-29979,-29979,-29982,-29983,-29982,-29981,-29982,-29983,-29985,-29985,-29987,-29988,-29988,-29989,-29989,-29990,-29990,-29988]} 1. e4 c5 2. Nf3 d6 3. Bb5+ Nc6 4. a4 Bd7 5. O-O Nf6 6. Nc3 {B52: Sicilian: Moscow Variation with 3...Bd7} (6. Re1 g6 7. h3 Bg7 8. c3 O-O 9. d4 cxd4 10. cxd4 d5 11. e5 Ne4 12. Nbd2 a6 13. Bd3 Bf5 14. Nxe4 dxe4 15. Bxe4 Bxe4 16. Rxe4 Qd5 17. Qe2 {1-0 (37) Kovalenko,I (2636)-Mustaps,M (2311) Olaine 2017}) 6... e6 7. d4 cxd4 8. Nxd4 Be7 {LiveBook: 10 Games} 9. Be3 O-O 10. h3 e5 $146 ({Predecessor:} 10... a6 11. Nxc6 Bxc6 12. Bxc6 bxc6 {1-0 (56) Iljiushenok,I (2413)-Aghasaryan,R (2249) Moscow 2009}) 11. Nf3 a6 12. Be2 Nb4 13. Nd2 Bc6 14. Bf3 d5 15. exd5 Nbxd5 16. Nxd5 Nxd5 17. Nc4 {[#]} e4 $1 {[%mdl 512]} 18. Be2 (18. Bxe4 Nxe3) 18... Nxe3 19. Nxe3 Bc5 20. Qe1 Qf6 21. b4 Bd4 22. Ng4 Qe7 23. c3 {[#]} Bb6 (23... Ba7 $1 $17 24. Bc4 Rac8) 24. b5 (24. Ne3 $15) 24... axb5 25. Bxb5 (25. axb5 $17 Bd7 26. c4) 25... Bxb5 (25... f5 $19 26. Ne3 f4 27. Bxc6 bxc6) 26. axb5 $17 Rxa1 27. Qxa1 h5 28. Ne3 Bxe3 29. fxe3 {[%mdl 4096] Endgame KQR-KQR} Qc5 $36 {[%mdl 2048] Black has strong initiative.} 30. Qe1 Qxb5 31. Qh4 Qd3 32. Qf4 b5 33. Rf2 Qxc3 34. Qxe4 b4 35. Qb7 $2 (35. Rf5 $17) 35... Qe1+ $19 36. Rf1 Qxe3+ 37. Kh1 Qd3 $2 (37... Qc3 $19 {has better winning chances. Strongly threatening ...b3.} 38. Qb5 g6) 38. Rf3 $2 {[%mdl 8192]} (38. Rf4 $17 {was the crucial defense.}) 38... Qd1+ 39. Kh2 Qd6+ 40. Kh1 g6 41. Kg1 Qd4+ 42. Kh1 Qc4 43. Kh2 Re8 44. Qb6 Rc8 45. g3 $2 (45. Qb7 $19) 45... Re8 {Black mates.} 46. Rf2 Re2 47. Qd8+ Kh7 48. Qf6 Rxf2+ 49. Qxf2 {KQ-KQ} Kg7 50. Qe3 Qc3 51. Qb6 b3 {[%cal Bb4b3,Bb3b2][%mdl 32]} 52. g4 h4 53. g5 b2 54. Kg2 Qc2+ 55. Kf3 Qf5+ {Precision: White = 28%, Black = 77%.} 0-1

[Event "20th Dubai Open 2018"]
[Site "Dubai"]
[Date "2018.04.03"]
[Round "2"]
[White "Sharma, Dinesh K"]
[Black "Vishnu Prasanna  V"]
[Result "0-1"]
[WhiteElo "2261"]
[BlackElo "2510"]
[Annotator "TA"]
[PlyCount "86"]
[EventDate "2018.??.??"]
[EventType "swiss"]
[EventCountry "UAE"]
[SourceTitle "playchess.com"]
[Source "ChessBase"]
[SourceQuality "1"]

{[%evp 19,86,12,12,-8,0,0,0,-3,20,9,11,0,0,0,0,0,0,0,0,0,6,-10,43,-13,-7,-8,-4,-11,-12,-64,31,21,49,8,107,37,67,66,66,70,63,15,19,0,14,0,0,0,0,0,0,0,0,0,0,-8,-8,-25,0,0,53,66,61,0,1,0,0,-298,-286]} 1. e4 c5 2. Nf3 d6 3. d4 cxd4 4. Nxd4 Nf6 5. Nc3 a6 6. Be3 e6 7. a4 Qc7 8. Be2 b6 9. f4 Bb7 10. Bf3 Nbd7 11. Nb3 {B84: Sicilian Scheveningen: 6 Be2 a6, lines without early Be3} (11. Qe2 e5 12. O-O-O Rc8 13. Rhe1 h5 14. fxe5 dxe5 15. Nd5 Qc4 16. b3 Qxe2 17. Nxf6+ Nxf6 18. Nxe2 Ba3+ 19. Kb1 Nxe4 20. Bxb6 {½-½ (51) Navara,D (2707)-Hou,Y (2595) Prague 2013}) 11... Be7 12. O-O Rd8 13. Qe2 {The position is equal.} e5 $146 ({Predecessor:} 13... O-O 14. Nd2 Nc5 15. Qf2 d5 16. e5 Nfe4 17. Bxe4 dxe4 18. Qe2 f6 {0-1 (49) Kreuzer,M (2355)-Gross,S (2325) Bayern 1998}) 14. f5 O-O 15. Rfd1 Rfe8 16. Kh1 d5 17. exd5 {[#] Strongly threatening d6!} ({Much worse is} 17. Nxd5 Bxd5 18. exd5 e4 $17) 17... e4 18. Nxe4 Nxe4 19. Bxe4 {Hoping for d6!} Nf6 20. Bf3 Bxd5 (20... Nxd5 $11 21. a5 Nxe3 22. Qxe3 Bxf3 23. Qxf3 bxa5) 21. Bd4 (21. Bxd5 $14 Nxd5 22. Bg1) 21... Bf8 $11 22. Qf2 Ne4 23. Bxe4 $1 Bxe4 24. c3 (24. Rd2 $11) 24... Qc6 (24... Rd5 $1 $15 25. Re1 Qb8) 25. Nd2 $14 Bc2 26. Re1 Qh6 (26... Bc5 $11) 27. Nf3 (27. f6 $16) 27... Bxf5 28. Bxb6 Rc8 29. Rxe8 Rxe8 30. Bc7 Be4 31. Nd4 Bd5 32. Bf4 Qh5 33. Re1 Rxe1+ 34. Qxe1 Qg4 {[%csl Gd5][%cal Rg4g2] [#]} 35. Bg3 $1 h5 $40 {[%mdl 128] White must now prevent ...h4! Black attacks.} 36. Qe2 Qg6 37. Kg1 (37. Nf3 {feels hotter.} Qg4 38. Nd4) 37... Qb1+ 38. Be1 Be4 39. b4 g6 ({Black should try} 39... h4 $11) 40. Nf3 Bd3 41. Qe8 ({White should play} 41. Qe3 $14) 41... Be4 $11 42. Kf2 {And now Nd2 would win.} Qc2+ 43. Kg3 $2 {[%mdl 8192]} (43. Kf1 $11) 43... Qe2 {Precision: White = 40%, Black = 54%.} 0-1

[Event "20th Dubai Open 2018"]
[Site "Dubai"]
[Date "2018.04.03"]
[Round "2"]
[White "Blagojevic, Tijana"]
[Black "Santiago, Yago De Moura"]
[Result "1/2-1/2"]
[WhiteElo "2254"]
[BlackElo "2476"]
[Annotator "TA"]
[PlyCount "109"]
[EventDate "2018.??.??"]
[EventType "swiss"]
[EventCountry "UAE"]
[SourceTitle "playchess.com"]
[Source "ChessBase"]
[SourceQuality "1"]

{[%evp 15,109,22,63,45,87,75,115,2,20,-2,1,-8,0,0,0,0,0,2,20,11,20,19,39,52,51,37,28,22,22,0,0,0,0,0,0,-7,-6,0,-5,-13,0,0,0,-4,5,-107,-10,-10,-11,-11,-8,-16,0,0,0,0,0,0,0,0,62,59,64,68,68,71,82,38,38,38,51,0,39,21,21,26,27,33,46,8,8,8,8,8,8,8,8,8,8,0,0,0,0,0,0,0]} 1. e4 g6 2. d4 Bg7 3. Nf3 d6 4. Nc3 c6 5. a4 Nf6 6. Be2 O-O 7. O-O Qc7 8. Bf4 Nh5 {LiveBook: 18 Games. B08: Pirc Defence: Classical System} (8... Nbd7 9. e5 Nh5 10. Bg5 f6 11. exd6 exd6 12. Be3 d5 13. Qd2 f5 14. Bh6 Nhf6 15. Bxg7 Kxg7 16. Na2 Ne4 {0-1 (44) Yemelin,V (2574)-Iturrizaga Bonelli,E (2650) Skopje 2013}) 9. Bg5 h6 {[#]} 10. Be3 $1 e5 {White is better.} 11. dxe5 $146 ({White should play} 11. Qd2 $16) ({Predecessor:} 11. Qd2 Kh7 12. Rad1 Nd7 13. dxe5 dxe5 14. Qd6 Qxd6 15. Rxd6 Nf4 16. Rfd1 Nxe2+ 17. Nxe2 {1-0 (60) Azaiez,F (2135)-Barbaria,Y (2177) Hammamet 2016}) 11... dxe5 $11 12. Bc4 Nf4 13. Qb1 Be6 14. Qa2 Qe7 15. Bxe6 Nxe6 16. Qc4 Kh7 17. Rad1 Na6 {[%cal Bb8a6,Ba6b4,Bb4c2][%mdl 32]} 18. Rd2 Qb4 19. Qxb4 Nxb4 20. Rfd1 b6 21. Nb1 f5 {[#] And now ...f4 would win.} 22. exf5 gxf5 {...f4 is the strong threat.} 23. Rd6 Rad8 24. c3 Nc2 25. Rxd8 (25. a5 {is more complex.} c5 26. axb6 axb6 27. g3 Ncd4 28. Rxd8 Nxf3+ 29. Kg2) 25... Rxd8 26. Rxd8 Nxd8 27. Bc1 Ne6 28. b4 c5 29. b5 c4 30. Nbd2 (30. Nfd2 $11) 30... Nc5 (30... Nf4 $17 {aiming for ...Ne2+.} 31. Bb2 e4) 31. Nxc4 Nxa4 32. Bd2 e4 33. Nh4 f4 34. Nf5 Bf6 35. Nfd6 Nxc3 36. Bxc3 Bxc3 37. Nxe4 {[%mdl 4096] Endgame KBN-KNN} Bb4 (37... Bg7 $11) 38. Ne5 $1 $14 Na3 39. Nc6 $1 {[%cal Rc6b4]} Bf8 40. Nxa7 Kg6 41. Nc8 Kf5 42. f3 Nc4 43. g4+ ({White should try} 43. Kf2 $14) 43... Ke6 44. Kf2 Kd7 $1 {[%cal Rd7c8]} 45. Na7 Ne5 46. Ke2 Kc7 $1 47. Nc6 Nxc6 {The position is equal.} 48. bxc6 Kxc6 $11 {KB-KN} 49. h4 b5 50. Kd3 Bg7 51. g5 hxg5 52. Nxg5 Kd5 53. Nh3 $1 Ke5 54. Kc3 Bf8 55. Kd3 {Precision: White = 50%, Black = 60%.} 1/2-1/2